Computational Geometry (Record no. 3217)

000 -LEADER
fixed length control field 04638nam a22004215i 4500
007 - PHYSICAL DESCRIPTION FIXED FIELD--GENERAL INFORMATION
fixed length control field cr nn 008mamaa
008 - FIXED-LENGTH DATA ELEMENTS--GENERAL INFORMATION
fixed length control field 121227s1985 xxu| s |||| 0|eng d
020 ## - INTERNATIONAL STANDARD BOOK NUMBER
International Standard Book Number 9781461210986
-- 978-1-4612-1098-6
040 ## - CATALOGING SOURCE
Original cataloging agency IMU Kochi Library
Language of cataloging eng
041 0# - LANGUAGE CODE
Language code of text/sound track or separate title eng
082 04 - DEWEY DECIMAL CLASSIFICATION NUMBER
Classification number 516
Edition number 23
100 1# - MAIN ENTRY--PERSONAL NAME
Personal name Preparata, Franco P.
245 10 - TITLE STATEMENT
Title Computational Geometry
Medium [electronic resource] :
Sub Title An Introduction /
250 ## - EDITION STATEMENT
Edition statement 1st ed. 1985.
300 ## - PHYSICAL DESCRIPTION
Extent XIV, 398 p.
Other physical details online resource.
490 1# - SERIES STATEMENT
Series statement Monographs in Computer Science,
505 0# - FORMATTED CONTENTS NOTE
Formatted contents note 1 Introduction -- 1.1 Historical Perspective -- 1.2 Algorithmic Background -- 1.3 Geometric Preliminaries -- 1.4 Models of Computation -- 2 Geometric Searching -- 2.1 Introduction to Geometric Searching -- 2.2 Point-Location Problems -- 2.3 Range-Searching Problems -- 2.4 Iterated Search and Fractional Cascading -- 2.5 Notes and Comments -- 2.6 Exercises -- 3 Convex Hulls: Basic Algorithms -- 3.1 Preliminaries -- 3.2 Problem Statement and Lower Bounds -- 3.3 Convex Hull Algorithms in the Plane -- 3.4 Convex Hulls in More Than Two Dimensions -- 3.5 Notes and Comments -- 3.6 Exercises -- 4 Convex Hulls: Extensions and Applications -- 4.1 Extensions and Variants -- 4.2 Applications to Statistics -- 4.3 Notes and Comments -- 4.4 Exercises -- 5 Proximity: Fundamental Algorithms -- 5.1 A Collection of Problems -- 5.2 A Computational Prototype: Element Uniqueness -- 5.3 Lower Bounds -- 5.4 The Closest Pair Problem: A Divide-and-Conquer Approach -- 5.5 The Locus Approach to Proximity Problems: The Voronoi Diagram -- 5.6 Proximity Problems Solved by the Voronoi Diagram -- 5.7 Notes and Comments -- 5.8 Exercises -- 6 Proximity: Variants and Generalizations -- 6.1 Euclidean Minimum Spanning Trees -- 6.2 Planar Triangulations -- 6.3 Generalizations of the Voronoi Diagram -- 6.4 Gaps and Covers -- 6.5 Notes and Comments -- 6.6 Exercises -- 7 Intersections -- 7.1 A Sample of Applications -- 7.2 Planar Applications -- 7.3 Three-Dimensional Applications -- 7.4 Notes and Comments -- 7.5 Exercises -- 8 The Geometry of Rectangles -- 8.1 Some Applications of the Geometry of Rectangles -- 8.2 Domain of Validity of the Results -- 8.3 General Considerations on Static-Mode Algorithms -- 8.4 Measure and Perimeter of a Union of Rectangles -- 8.5 The Contour of a Union of Rectangles -- 8.6 The Closure of a Union of Rectangles -- 8.7 The External Contour of a Union of Rectangles -- 8.8 Intersections of Rectangles and Related Problems -- 8.9 Notes and Comments -- 8.10 Exercises -- References -- Author Index.
520 ## - SUMMARY, ETC.
Summary, etc From the reviews: "This book offers a coherent treatment, at the graduate textbook level, of the field that has come to be known in the last decade or so as computational geometry. ... ... The book is well organized and lucidly written; a timely contribution by two founders of the field. It clearly demonstrates that computational geometry in the plane is now a fairly well-understood branch of computer science and mathematics. It also points the way to the solution of the more challenging problems in dimensions higher than two." #Mathematical Reviews#1 "... This remarkable book is a comprehensive and systematic study on research results obtained especially in the last ten years. The very clear presentation concentrates on basic ideas, fundamental combinatorial structures, and crucial algorithmic techniques. The plenty of results is clever organized following these guidelines and within the framework of some detailed case studies. A large number of figures and examples also aid the understanding of the material. Therefore, it can be highly recommended as an early graduate text but it should prove also to be essential to researchers and professionals in applied fields of computer-aided design, computer graphics, and robotics." #Biometrical Journal#2.
650 #0 - SUBJECT ADDED ENTRY--TOPICAL TERM
Topical term or geographic name as entry element Geometry.
650 #0 - SUBJECT ADDED ENTRY--TOPICAL TERM
Topical term or geographic name as entry element Computer graphics.
650 #0 - SUBJECT ADDED ENTRY--TOPICAL TERM
Topical term or geographic name as entry element Algorithms.
650 14 - SUBJECT ADDED ENTRY--TOPICAL TERM
Topical term or geographic name as entry element Geometry.
650 24 - SUBJECT ADDED ENTRY--TOPICAL TERM
Topical term or geographic name as entry element Computer Graphics.
650 24 - SUBJECT ADDED ENTRY--TOPICAL TERM
Topical term or geographic name as entry element Algorithms.
700 1# - ADDED ENTRY--PERSONAL NAME
Personal name Shamos, Michael I.
Relator term
Relator code aut
-- http://id.loc.gov/vocabulary/relators/aut
830 #0 - SERIES ADDED ENTRY--UNIFORM TITLE
Uniform title Monographs in Computer Science,
852 ## - LOCATION/CALL NUMBER
Location IMU Kochi Library
856 40 - ELECTRONIC LOCATION AND ACCESS
Uniform Resource Identifier <a href="https://doi.org/10.1007/978-1-4612-1098-6">https://doi.org/10.1007/978-1-4612-1098-6</a>
904 ## - LOCAL DATA ELEMENT D, LDD (RLIN)
CATALOGER Rudra Ranjan
905 ## - LOCAL DATA ELEMENT E, LDE (RLIN)
VERIFIER Rudra Ranjan
942 ## - ADDED ENTRY ELEMENTS (KOHA)
Item type E-Book
264 #1 -
-- New York, NY :
-- Springer New York :
-- Imprint: Springer,
-- 1985.
338 ## -
-- online resource
830 #0 - SERIES ADDED ENTRY--UNIFORM TITLE
-- 2512-5486

No items available.



Copyright © All Rights Reserved by Indian Maritime University, Kochi Campus.
For any Suggestions/Query Contact to library or Email: library.kochi@imu.ac.in Ph:(0484)-2989402
(Web OPAC Designed by Rudra Ranjan. Maintained by IMU Kochi Library)

Powered by Koha